Normal view
MARC view
- Thermodynamics
Entry Topical Term
001 - CONTROL NUMBER
- control field: 34562
003 - CONTROL NUMBER IDENTIFIER
- control field: NUST
005 - DATE AND TIME OF LATEST TRANSACTION
- control field: 20201027104920.0
008 - FIXED-LENGTH DATA ELEMENTS
- fixed length control field: 201027|| aca||aabn | a|a d
040 ## - CATALOGING SOURCE
- Original cataloging agency: NUST
- Transcribing agency: NUST
150 ## - HEADING--TOPICAL TERM
- Topical term or geographic name entry element: Thermodynamics
- General subdivision: Mathematics
670 ## - SOURCE DATA FOUND
- Source citation: Work cat.: (NUST)0: Reisel, John R., author. 19194, Principles of engineering thermodynamics /
